| 000 | 00591nam a2200205 a 4500 | ||
|---|---|---|---|
| 005 | 20240228063913.0 | ||
| 008 | 080304s2003 ea r 000 0 spa d | ||
| 020 | _a075662133X | ||
| 035 | _aUPN01000154714 | ||
| 049 | _aI | ||
| 050 | 4 |
_aPZ71 _bH3.2 |
|
| 100 | 1 | _aHayward, Linda | |
| 245 | 1 | 3 |
_aUn día en la vida de un bombero / _cLinda Hayward ; tr. Scott Foresman. |
| 260 |
_aLondres : _bDK , _cc2003. |
||
| 300 |
_a31 p. : _bil. col. |
||
| 440 | 0 |
_aDK Readers. _pPrimeros pasos ; _v1 |
|
| 650 | 4 |
_aLibros y lectura para niños _92290 |
|
| 650 | 4 |
_aBOMBEROS _99685 |
|
| 905 | _aInfantil | ||
| 999 |
_c126831 _d126831 |
||